| 000 | 00453nam a2200169Ia 4500 | ||
|---|---|---|---|
| 003 | GCL | ||
| 008 | 140319s9999 xx 000 0 eng d | ||
| 040 |
_aGCL / _cGCL |
||
| 082 | 0 | 4 |
_a629. _b3252 _bB N |
| 100 | 1 | _aBEATY, DAID | |
| 245 | 1 | 0 |
_aTHE NAKER PILOT THE HUMAN FACTOR IN AIRSAFT ACCIDENTS / _cBEATY, DAID |
| 260 |
_a[S.N] : _bAIRLIFE PUBLISHING ، _c1995 |
||
| 650 | 0 | 4 | _aPILOTING |
| 650 | 0 | 4 | _aAIRCRAFT |
| 650 | 0 | 4 | _aAIRPLANES |
| 942 |
_2ddc _cBK |
||
| 999 |
_c11227 _d11227 |
||